Country Scrambler 2 Quiz Stats

 Plays Quiz not verified by Sporcle

Score 0/17 Timer 02:00
0 Plays Today
Scrambled Letters Country % Correct
UPREPeru
100%
OCXEMIMexico
99.2%
ENAYKKenya
99.2%
IIJFFiji
99.2%
TS. CUIALSt. Lucia
98.4%
TYEPGEgypt
98.4%
LGOAANAngola
95.1%
USHOT EKROASouth Korea
94.3%
TACSO ACRICosta Rica
92.6%
Scrambled Letters Country % Correct
IAAVLTLatvia
91.8%
IAALNHDTThailand
77%
GFATNAHINSAfghanistan
77%
ENARDLIIreland
74.6%
UCDAREOEcuador
73.8%
LAPUTROGPortugal
71.3%
OOLAICBMColombia
62.3%
EIASMROCNIMicronesia
48.4%

You're not logged in!

Compare scores with friends on all Sporcle quizzes.
OR
Log In

Show Comments

Extras

Created Oct 10, 2010ReportNominate
Tags:Country Quiz, scramble

Top Quizzes Today


Score Distribution

Your Account Isn't Verified!

In order to create a playlist on Sporcle, you need to verify the email address you used during registration. Go to your Sporcle Settings to finish the process.

Report this User

Report this user for behavior that violates our Community Guidelines.

Details: